LEADER 01591nam a2200337 u 4500 001 000000059126 003 CaOOAMICUS 005 20150622184408.0 008 010622s1966 it u000 u ita u 035 $a10893606 040 $aPUL(R)$bita 041 1 $aita$hger 100 1 $aKoch, Robert A.,$d1919-$0(OLS)http://pul/name/25351 240 10$aErlösungstheologie : Genesis 1-11.$lItaliano.$0(OLS)http://pul/title/79193 245 10$aTeologia della Redenzione in Genesi 1-11 /$cRobert Koch. 260 $aRoma :$bPaoline,$c1966. 300 $a139 p.$c18 cm 490 1 $aPunti scottanti di teologia ;$v1 504 $aNote bibliografiche. 630 04$aBiblia.$pV.T.$pGenesis.$nI-XI$xCommenti.$0(OLS)http://pul/subject/21193 650 4$aRedenzione.$0(OLS)http://pul/subject/8381 700 1 $aPatinir, Joachim,$dca. 1485-1524.$0(OLS)http://pul/name/40871 830 0$aPunti scottanti di teologia ;$v1.$0(OLS)http://pul/title/510 850 $aPUL 852 $aPUL$W1$xDP1 Altre Collocazioni$y17$mSenza collocazione$j12$nBK-PRI$b $qStampati$B77151$CPULBib$Z2$F77151 $H $81 852 $aPUL$W1$xDP1 Fondo S. Lanza$y121$m3 C 70.1$j166354$qFondi$B166958$CPULBib$Z2$F166958 $HLAN507 $82 852 $aPUL$W1$xDP1 Fondo Bordoni$y120$m3 G 16.1$j173347$qFondi$B175566$CPULBib$Z2$F175566 $HBor1753 $81 941 1 $a8 941 1 $a1 996 $6245$aTeologia della Redenzione in Genesi 1-11$9(OLS)http://pul/title/79194 996 $6260$aRoma :$bPaoline$9(OLS)http://pul/publisher/50842 LEADER 01293nam a2200313 a 4500 001 000000144376 003 CaOOAMICUS 005 20150625140938.0 008 150625s1995 it u000 u ita r 020 $z8805054992* 040 $aPUL$bita 100 1 $aAccattoli, Luigi.$0(OLS)http://pul/name/33267 245 10$aCerco fatti di Vangelo :$binchiesta di fine millennio sui cristiani d'Italia /$cLuigi Accattoli. 260 $aTorino :$bS.E.I.,$c1995. 300 $aXVI, 315 p. ;$c22 cm 490 1 $aReligione 500 $aInclude indice. 650 4$aVita cristiana.$0(OLS)http://pul/subject/1596 650 4$aCattolici italiani$ySec. XX.$0(OLS)http://pul/subject/2516 830 0$aReligione (Societŕ Editrice Internazionale).$0(OLS)http://pul/title/39549 850 $aPUL 852 $aPUL$W1$xDP1 Fondo S. Lanza$y121$m3 F 32$j166602$qFondi$B167205$CPULBib$Z2$F167205 $HLan1180 $82 941 1 $a1 961 $aNota ms. di possesso: Sergio Lanza 983 0$aReligione (SEI) 996 $6020$z8805054992*$9(OLS)http://pul/number/158080 996 $6245$aCerco fatti di Vangelo :$binchiesta di fine millennio sui cristiani d'Italia$9(OLS)http://pul/title/182668 996 $6260$aTorino :$bS.E.I.$9(OLS)http://pul/publisher/50772